Zlan Jeux all-time jusqu'à 2024 - Statistiques

Statistiques générales
  • Ce quiz a été pris 31 fois
  • Le résultat moyen est 26 sur 70
Statistiques - réponses
Année Jeux % Correct
2020 PUBG
82%
2024 PUBG
82%
2024 Celeste
77%
2019 Trackmania
77%
2021 TrackMania
77%
2023 TrackMania
77%
2019 Worms
77%
2020 Worms
77%
2021 Worms
77%
2022 Worms
77%
2024 League of Legends
73%
2019 Minecraft
68%
2020 Minecraft
68%
2023 Minecraft
68%
2019 Dictée
55%
2023 Valorant
55%
2020 Calcul mental
45%
2021 GeoGuessr
45%
2020 Shootmania
45%
2023 Shootmania
45%
2019 Starcraft 2
45%
2024 StarCraft 2
45%
2021 Trials Rising
45%
2024 Trials Rising
45%
2020 Civilization 6
41%
2024 MicroWorks
41%
2023 Puzzle
41%
2019 Super smash bros
41%
2022 Elden Ring
36%
2022 Fall Guys
36%
2023 Fall Guys
36%
2023 Garry's Mod
36%
2020 Golf It
36%
2019 H1Z1
36%
2021 Pétanque
36%
2021 Quake
36%
2021 Warcraft 3
36%
2022 ZUTOM
36%
2022 Apex Legends
32%
2023 Powerwash Simulator
32%
2021 Valheim
32%
2021 Battlerite
27%
2021 Farming Simulator
27%
2023 GolfGang
27%
2020 Heave ho
27%
2022 Hot Wheels
27%
2024 Kallax
27%
2022 Riders Republic
27%
2022 Rocket League
27%
2019 WOW
27%
2024 Zuste Priz
27%
2019 Disc Jam
23%
2019 Portal 2
23%
2024 Slope Crashers
23%
2023 You suck at parking
23%
2020 Age of Empires 2
18%
2019 Bomberman
18%
2022 Chamboule tout
18%
2022 Age of Empires 4
14%
2023 NorthGard
14%
2020 Overcooked 2
14%
2021 Battlerite Royale
9%
2022 Pro Soccer Online
5%
2023 Rugby
5%
2023 Tape Taupe
5%
2020 Tierce
5%
2024 Aquarium
0%
2023 Hair Hocket
0%
2024 Marteaux
0%
2024 Robots
0%
Aucun quiz correspondant
Distribution des résultats
% des personnes avec chaque résultat
Percentile par nombre de réponses
Votre historique - résultats
Vous n’avez pas pris ce quiz